Normal view
MARC view
Entry Personal Name
001 - CONTROL NUMBER
- control field: 871787
003 - CONTROL NUMBER IDENTIFIER
- control field: OSt
005 - DATE AND TIME OF LATEST TRANSACTION
- control field: 20260114185557.0
008 - FIXED-LENGTH DATA ELEMENTS
- fixed length control field: 260114|| aca||aabn | a|a d
040 ## - CATALOGING SOURCE
- Original cataloging agency: OSt
- Transcribing agency: OSt
100 ## - HEADING--PERSONAL NAME
- Personal name: Gwenda Morgan and Peter Rushton
670 ## - SOURCE DATA FOUND
- Source citation: Work cat.: (OSt)1470735: Gwenda Morgan and Peter Rushton, Treason and Rebellion in the British Atlantic, 1685-1800 Legal Responses to Threatening the State, 2020
